Física contemporánea
Enregistré dans:
| Auteurs principaux: | , |
|---|---|
| Format: | Livre |
| Langue: | espagnol |
| Publié: |
Ciudad de México
McGraw-Hill
2001
|
| Édition: | 3a. ed |
| Sujets: | |
| Tags: |
Ajouter un tag
Pas de tags, Soyez le premier à ajouter un tag!
|
MARC
| LEADER | 00000nam a2200000 a 4500 | ||
|---|---|---|---|
| 001 | UCH3914 | ||
| 003 | CL-VaPUC | ||
| 005 | 20230608074349.0 | ||
| 008 | 090818e20010000MX |||||||||||||||||spa|d | ||
| 999 | |c 335318 |d 335316 | ||
| 020 | |a 9701032829 | ||
| 040 | |c Pontificia Universidad Católica de Valparaíso | ||
| 082 | 0 | 4 | |a 530 |b JON |2 21 |
| 100 | |a Jones, Edwin R |e author |9 858462 | ||
| 245 | 1 | 0 | |a Física contemporánea |
| 250 | |a 3a. ed | ||
| 260 | |a Ciudad de México |b McGraw-Hill |c 2001 | ||
| 300 | |a 1025 p | ||
| 583 | |a last modification |c 20090818 00:00:00 |k Rodrigo Vera | ||
| 650 | 0 | |a Movimiento |9 322237 | |
| 650 | 7 | |a FUERZAS |2 CL-VaPUC |9 360776 | |
| 650 | 0 | |a Energía |9 259431 | |
| 650 | 0 | |a Magnetismo |9 260336 | |
| 650 | 0 | |a Termodinámica |9 259320 | |
| 650 | 0 | |a Materia |9 265041 | |
| 650 | 0 | |a Teoría de la relatividad |9 266149 | |
| 650 | 0 | |a Teoría cuántica |9 266148 | |
| 650 | 0 | |a Electromagnetismo |9 260123 | |
| 650 | 0 | |a Sonido |9 261796 | |
| 700 | 0 | |a Childers, Richard |e author |9 539394 | |
| 852 | |a BIBCUR | ||
| 942 | |c BK |2 ddc | ||
| 945 | |d 20090818 00:00:00 |a ccalabra | ||